000 00282nam a2200121Ia 4500
008 190216s9999||||xx |||||||||||||| ||und||
100 _aPraksh Chand
245 0 _aStatistical Methods
260 _bSulthan Chand&Sons
_c1982
300 _ar-216p
650 _aStatistics
942 _cBK
999 _c4168
_d4168